=LDR 00000nam 2200000 4500 =001 INLIS000000000025797 =005 20130612124259 =008 ***********************************Ind** =035 ##$$0010-061300000025797 =041 ##$$a Ind =082 ##$$a 352 =090 ##$$a 352, Dam h =100 ##$$a Daman, Rozikin =245 ##$$a Hukum tata negara (suatu pengantar), Drs. Rozikin Daman =260 ##$$a 1993 $b Jakarta =300 ##$$a xii, 244 hlm, 21 cm =650 ##$$a Hukum Tata Negara =850 ##$$a NBPNMAT